000 00373nam a22001457a 4500
999 _c2732
_d2732
008 200316b ||||| |||| 00| 0 eng d
082 0 0 _a665.5
_bW348
100 _91810
_aWatts, H. E.
245 1 0 _aStorage of petroleum spirit
_cby H. E. Watts
260 _aLondon
_bCharles griffin
_c1951
300 _a320 p.
365 _d21.00
650 0 _aPetroleum Storage
942 _cBK